| 000 | 00670nam a22002057a 4500 | ||
|---|---|---|---|
| 999 |
_c20990 _d20990 |
||
| 003 | AR-CdUCM | ||
| 008 | 190723b ||||| |||| 00| 0 spa d | ||
| 040 |
_aMUNICIPALIDAD PROVINCIAL DEL CUSCO _cBIBLIOTECA MUNICIPAL DEL CUSCO |
||
| 082 |
_aC / 330.5 / _bN94 |
||
| 100 |
_aNuñez Anavitarte, Carlos _97771 |
||
| 245 | _aPrincipios sistemáticos de economía industrial / | ||
| 260 |
_aCuzco : _c1954. |
||
| 300 |
_a71 páginas ; _c33 cm. |
||
| 505 | _aContenido : Origen y evolución del capital industrial -- El capital Dinero ... | ||
| 650 |
_aEconomía _9382 |
||
| 650 |
_aCapital _95056 |
||
| 650 |
_aIndustrial _911684 |
||
| 942 |
_2ddc _cLIBROS |
||
| 945 | _azta | ||